Systémy ochrany pracovníků na automatizovaných pracovištích s průmyslovými roboty a manipulátory

Salvato in:
Dettagli Bibliografici
Autore principale: Halen, Svatopluk
Natura: Libro
Lingua:ceco
Pubblicazione: Praha Výzkumný ústav bezpečnosti práce 1988
Edizione:1. vyd.
Tags: Aggiungi Tag
Nessun Tag, puoi essere il primo ad aggiungerne!!

MARC

LEADER 00000nam a2200000 4500
001 c033281
005 20221219085826.7
041 0 |a cze 
044 |a CZ 
245 1 0 |a Systémy ochrany pracovníků na automatizovaných pracovištích s průmyslovými roboty a manipulátory  |c Svatopluk Halen a kol. 
250 |a 1. vyd. 
264 1 |a Praha  |b Výzkumný ústav bezpečnosti práce  |c 1988 
300 |a 206 s. 
100 1 |a Halen, Svatopluk